[Event "WYg16"]
[Site "Heraklio GRE"]
[Date "2002.11.21"]
[Round "7"]
[White "Worek,J"]
[Black "Karavade,E"]
[Result "1-0"]
[WhiteElo "2230"]
[BlackElo "2171"]
[EventDate "2002.11.15"]

1. d4 Nf6 2. c4 g6 3. Nc3 d5 4. cxd5 Nxd5 5. e4 Nxc3 6. bxc3 c5 7. Nf3 Bg7
8. Rb1 O-O 9. Be2 Nc6 10. d5 Ne5 11. Nxe5 Bxe5 12. Qd2 b6 13. c4 e6 14. f4
Bd4 15. Bb2 Bxb2 16. Rxb2 exd5 17. cxd5 Qh4+ 18. g3 Qh3 19. Kf2 Bb7 20. Bf3
Rac8 21. Bg2 Qd7 22. Rd1 c4 23. Qc3 Rc5 24. Rbd2 Rd8 25. h4 h5 26. e5 Qf5
27. Rd4 Ba6 28. Kg1 Ra5 29. R4d2 Ra4 30. Kh2 Bc8 31. e6 Re8 32. Bh3 Qe4 33.
Qf6 fxe6 34. d6 Rf8 35. Qe7 c3 36. d7 Bxd7 37. Bg2 Qb4 38. Qxd7 cxd2 39.
Rxd2 Qc4 40. Bh3 Qe4 41. Bxe6+ Kh8 42. Qd6 Re8 43. Bd7 Kg7 44. f5 Qe1 45.
Qxg6+ Kf8 46. Qh6+ Kg8 47. Bxe8 Qxe8 48. f6 Rg4 49. f7+ Kxf7 50. Qxh5+ 1-0

[Event "WYg16"]
[Site "Heraklio GRE"]
[Date "2002.11.21"]
[Round "7"]
[White "Ortiz,N"]
[Black "Melia,S"]
[Result "0-1"]
[WhiteElo "2115"]
[BlackElo "2264"]
[EventDate "2002.11.15"]

1. e4 c6 2. d4 d5 3. Nd2 dxe4 4. Nxe4 Nf6 5. Nxf6+ gxf6 6. Nf3 Bg4 7. Be2
Qc7 8. Be3 Nd7 9. Qd2 O-O-O 10. O-O-O e6 11. Kb1 Rg8 12. h3 Bh5 13. Rhg1
Bd6 14. Bh6 f5 15. Bg5 Rde8 16. Bh4 Bf4 17. Qd3 Kb8 18. Ne1 Bxe2 19. Qxe2
Nb6 20. c4 Ka8 21. Qc2 Nc8 22. g3 Bh6 23. Bf6 Bg7 24. Bxg7 Rxg7 25. Nd3 Nd6
26. Nc5 Qa5 27. Rge1 h5 28. Re3 f4 29. Ra3 Qc7 30. Qa4 b6 31. Na6 Qb7 32.
Nb4 Nxc4 33. Rc3 b5 34. Qc2 fxg3 35. fxg3 a5 36. Nd3 Ne3 37. Nc5 Nxc2 38.
Nxb7 Kxb7 39. Kxc2 Rd8 40. Re3 Rd5 41. Kc3 c5 42. Rdd3 c4 43. Rd2 Rdg5 44.
Rf2 Kc6 45. Rff3 Rg8 46. a4 R8g7 47. axb5+ Rxb5 48. Kc2 Kb6 49. Rc3 Rbg5
50. Rce3 Rb5 51. Rc3 Rb4 52. Rce3 a4 53. Re5 Rb3 54. Ree3 Rg8 55. Rc3 Rf8
56. Rfe3 Re8 57. Rf3 Rf8 58. Rfe3 Ka6 59. Rxb3 cxb3+ 60. Kc3 Rb8 61. Re5
Rb5 62. Re1 Rb7 63. Ra1 Ka5 64. Re1 Rc7+ 65. Kd3 Rc2 66. Rb1 Kb4 67. g4 h4
68. Ke4 Rxb2 69. Rxb2 a3 70. Rf2 b2 71. Rxf7 b1=Q+ 72. Ke5 Qe1+ 0-1

[Event "WYg16"]
[Site "Heraklio GRE"]
[Date "2002.11.21"]
[Round "7"]
[White "Batsiashvili,N"]
[Black "Kovanova,B"]
[Result "1-0"]
[WhiteElo "2236"]
[BlackElo "2136"]
[EventDate "2002.11.15"]

1. d4 d5 2. c4 c6 3. Nf3 dxc4 4. a4 Nf6 5. Nc3 Be6 6. Ng5 Bg4 7. f3 Bc8 8.
e3 Qa5 9. Nge4 Nxe4 10. fxe4 Qg5 11. Qf3 Qh4+ 12. g3 Qg4 13. Qf2 e6 14.
Bxc4 Bb4 15. O-O O-O 16. Qg2 Nd7 17. e5 Qg6 18. Bd2 Nb6 19. Ba2 Bd7 20. Bb1
Qg5 21. Ne4 Qe7 22. Bxb4 Qxb4 23. Qh3 h6 24. Nf6+ Kh8 25. Qg4 gxf6 26. Qh4
f5 27. Qxh6+ Kg8 28. Qg5+ Kh8 29. Rf4 Qe1+ 30. Kg2 Qe2+ 31. Kh3 Qg4+ 32.
Rxg4 fxg4+ 33. Kg2 1-0

[Event "WYg16"]
[Site "Heraklio GRE"]
[Date "2002.11.21"]
[Round "7"]
[White "Gilbert,Je"]
[Black "Tania,S"]
[Result "1/2-1/2"]
[WhiteElo "2113"]
[BlackElo "2189"]
[EventDate "2002.11.15"]

1. d4 Nf6 2. c4 e6 3. Nf3 b6 4. g3 Ba6 5. b3 Be7 6. Bg2 d5 7. O-O O-O 8.
Ne5 Bb7 9. Nd2 Nbd7 10. Nxd7 Qxd7 11. Bb2 Rfd8 12. Rc1 c5 13. cxd5 Bxd5 14.
Bxd5 Qxd5 15. Nf3 Qe4 16. Qc2 cxd4 17. Qxe4 Nxe4 18. Bxd4 Rac8 19. Rfd1 f6
20. Rxc8 Rxc8 21. Ne1 Bb4 22. Nd3 Ba3 23. f3 Nc3 1/2-1/2

[Event "WYg16"]
[Site "Heraklio GRE"]
[Date "2002.11.21"]
[Round "7"]
[White "Khaziyeva,D"]
[Black "Papadopoulou,V"]
[Result "1/2-1/2"]
[WhiteElo "2102"]
[BlackElo "2165"]
[EventDate "2002.11.15"]

1. c4 c5 2. Nf3 Nf6 3. g3 g6 4. Bg2 Bg7 5. O-O O-O 6. d4 cxd4 7. Nxd4 Nc6
8. Nc3 d6 9. Nxc6 bxc6 10. Bxc6 Rb8 11. Qc2 Qc7 12. Nd5 Nxd5 13. cxd5 Bd7
14. Rb1 Bxc6 15. Qxc6 Qxc6 16. dxc6 Rfc8 17. Be3 Rxc6 18. Rfc1 Ra6 19. a3
d5 20. Rc7 d4 21. Bd2 e6 22. Rbc1 Be5 23. Rc8+ Rxc8 24. Rxc8+ Kg7 25. f4
Bd6 26. Rc4 Rb6 1/2-1/2

[Event "WYg16"]
[Site "Heraklio GRE"]
[Date "2002.11.21"]
[Round "7"]
[White "Hoang Thi Bao Tram"]
[Black "Andriasian,S"]
[Result "0-1"]
[WhiteElo "2150"]
[BlackElo "2108"]
[EventDate "2002.11.15"]

1. e4 c5 2. Nc3 Nc6 3. g3 g6 4. Bg2 Bg7 5. Nge2 Rb8 6. d3 b5 7. O-O b4 8.
Nd5 e6 9. Ne3 Nge7 10. f4 f5 11. h3 a5 12. g4 O-O 13. Ng3 fxe4 14. dxe4 Ba6
15. Rf2 Qc7 16. Ne2 Nd4 17. Nxd4 Bxd4 18. Kh1 Nc6 19. g5 c4 20. Rf3 Bg7 21.
c3 bxc3 22. bxc3 d5 23. exd5 Rfd8 24. Rf1 Ne7 25. Ba3 Nxd5 26. Nxd5 exd5
27. Qc2 Bc8 28. Rae1 Bf5 29. Qc1 Qc8 30. Kh2 Bd3 31. Rf2 Qf5 32. Re7 Re8
33. Bf3 Rxe7 34. Bxe7 Rb1 35. Qe3 Be4 36. Bg4 Rh1+ 37. Kg3 Rg1+ 38. Kh2
Rxg4 39. hxg4 Qxg4 40. Qh3 Qxh3+ 41. Kxh3 Bxc3 42. Re2 Bd4 43. Ba3 Kf7 44.
Kg3 c3 45. Bc1 Bc5 46. Re1 Ke6 47. Kg4 Kd6 48. Re2 Bf5+ 49. Kg3 d4 50. Rh2
d3 51. Kf3 Kd5 52. a4 Be4+ 53. Kg3 Bb4 54. Rxh7 d2 55. Rd7+ Kc6 56. Bxd2
Kxd7 0-1

[Event "WYg16"]
[Site "Heraklio GRE"]
[Date "2002.11.21"]
[Round "8"]
[White "Dzagnidze,N"]
[Black "Huang Qian"]
[Result "1-0"]
[WhiteElo "2309"]
[BlackElo "2305"]
[EventDate "2002.11.15"]

1. d4 Nf6 2. Nf3 g6 3. Bg5 Bg7 4. Nbd2 d6 5. e4 O-O 6. Bc4 c6 7. O-O Nbd7
8. e5 dxe5 9. dxe5 Nd5 10. Re1 Nc5 11. h3 Qc7 12. Nb3 Nxb3 13. Bxb3 Be6 14.
Qd4 h6 15. c4 Nb4 16. Qh4 hxg5 17. Nxg5 Rfd8 18. Qh7+ Kf8 19. Nxe6+ fxe6
20. c5 Nd5 21. Re3 Bxe5 22. Qxg6 Bg7 23. Rae1 Nxe3 24. Bxe6 Qf4 25. Qh7 Ke8
26. Qh5+ Kf8 27. fxe3 Bd4 28. Qg6 1-0

[Event "WYg16"]
[Site "Heraklio GRE"]
[Date "2002.11.21"]
[Round "8"]
[White "Chistiakova,T"]
[Black "Zawadzka,J"]
[Result "1-0"]
[WhiteElo "2223"]
[BlackElo "2310"]
[EventDate "2002.11.15"]

1. Nf3 Nf6 2. c4 g6 3. b4 Bg7 4. Bb2 O-O 5. g3 c6 6. Bg2 d5 7. cxd5 cxd5 8.
O-O Qb6 9. a3 Nc6 10. Nc3 Bf5 11. h3 Rac8 12. d3 h5 13. Nh4 d4 14. Na4 Qb5
15. Nc5 b6 16. Nb3 Nd7 17. a4 Qxb4 18. Ba3 Qxa4 19. Nxf5 gxf5 20. Bxe7 Qb5
21. Bxf8 Nxf8 22. Bxc6 Rxc6 23. Rxa7 f4 24. Nd2 Rg6 25. Kg2 Qd5+ 26. Nf3
Be5 27. Re7 Ne6 28. Qa4 Bd6 29. Qe8+ Nf8 30. Ra7 fxg3 31. Rg1 Qf5 32. Qe4
gxf2+ 33. Kxf2 Qxh3 34. Rxg6+ fxg6 35. Qd5+ Qe6 36. Qb7 Qf6 37. Kg2 Bf4 38.
Nxd4 Bh6 39. Qd5+ Kh8 40. Nf3 g5 41. Ne5 Qe6 42. Nf7+ 1-0

[Event "WYg16"]
[Site "Heraklio GRE"]
[Date "2002.11.21"]
[Round "8"]
[White "Melia,S"]
[Black "Batsiashvili,N"]
[Result "0-1"]
[WhiteElo "2264"]
[BlackElo "2236"]
[EventDate "2002.11.15"]

1. e4 c5 2. Nf3 d6 3. d4 cxd4 4. Nxd4 Nf6 5. Nc3 a6 6. Bg5 Nc6 7. f3 e6 8.
Qd2 Bd7 9. O-O-O b5 10. Nxc6 Bxc6 11. Ne2 Rc8 12. Nd4 Bb7 13. Bd3 Be7 14.
h4 O-O 15. g4 b4 16. Kb1 a5 17. Be3 Nd7 18. g5 Nc5 19. h5 a4 20. g6 b3 21.
cxb3 axb3 22. axb3 Ra8 23. b4 Nxd3 24. Qxd3 Qd7 25. b5 Bf6 26. Rhg1 d5 27.
Bg5 Be5 28. gxh7+ Kh8 29. Qe3 f6 30. Bh4 Qd6 31. Be1 dxe4 32. fxe4 Qb6 33.
Bc3 Rfd8 34. Rd2 Qa7 35. Re1 Qa2+ 36. Kc2 Rac8 37. Nc6 Bxc6 38. bxc6 Rxc6
39. h6 Bxc3 0-1

[Event "WYg16"]
[Site "Heraklio GRE"]
[Date "2002.11.21"]
[Round "8"]
[White "Andriasian,S"]
[Black "Zdebskaja,N"]
[Result "0-1"]
[WhiteElo "2108"]
[BlackElo "2260"]
[EventDate "2002.11.15"]

1. d4 Nf6 2. Nf3 e6 3. c3 Be7 4. Bg5 c5 5. e3 b6 6. Nbd2 Bb7 7. Bd3 cxd4 8.
exd4 Nc6 9. O-O O-O 10. Qe2 Nd5 11. Bxe7 Qxe7 12. Bc2 Rac8 13. Rac1 f5 14.
Rfe1 Qf6 15. Nf1 Nce7 16. Qd2 Ng6 17. Ne5 Ndf4 18. f3 Qg5 19. g3 Nh3+ 20.
Kg2 Ngf4+ 21. Kh1 d6 22. Qe3 dxe5 23. Nd2 Nh5 24. Qe2 exd4 25. cxd4 Qxd2
26. Qxd2 Bxf3+ 27. Qg2 Bxg2+ 28. Kxg2 Ng5 0-1

[Event "WYg16"]
[Site "Heraklio GRE"]
[Date "2002.11.21"]
[Round "8"]
[White "Paridar,S"]
[Black "Mijovic,A"]
[Result "1-0"]
[WhiteElo "2132"]
[BlackElo "2104"]
[EventDate "2002.11.15"]

1. e4 c5 2. c3 d5 3. exd5 Qxd5 4. d4 Nf6 5. Nf3 Bg4 6. Be2 e6 7. O-O Nc6 8.
Be3 cxd4 9. Nxd4 Bxe2 10. Qxe2 Nxd4 11. Bxd4 Be7 12. Rd1 Qc6 13. Rd3 O-O
14. Rg3 g6 15. Nd2 Ne8 16. Nc4 Qa6 17. b3 Bf6 18. Rd1 Bxd4 19. Rxd4 Nf6 20.
Qd2 Kg7 21. Rgd3 b5 22. Ne5 Nd5 23. Ng4 f5 24. Ne5 Qd6 25. Rxd5 exd5 26.
Rxd5 Qa3 27. Rd7+ Kf6 28. b4 Rae8 29. Qd6+ Re6 30. Ng4+ Kg5 31. h4+ Kxh4
32. g3+ 1-0

[Event "WYg16"]
[Site "Heraklio GRE"]
[Date "2002.11.21"]
[Round "8"]
[White "Karavade,E"]
[Black "Gilbert,Je"]
[Result "0-1"]
[WhiteElo "2171"]
[BlackElo "2113"]
[EventDate "2002.11.15"]

1. Nf3 Nf6 2. c4 g6 3. Nc3 Bg7 4. g3 d6 5. Bg2 O-O 6. O-O Nc6 7. Rb1 a5 8.
a3 e5 9. d3 Ne8 10. b4 axb4 11. axb4 f5 12. Bg5 Qd7 13. b5 Nd8 14. Bd2 Ne6
15. e3 g5 16. Nd5 Nf6 17. Ne1 Kh8 18. f4 gxf4 19. gxf4 exf4 20. Nxf4 Nxf4
21. Rxf4 Bh6 22. Rf1 Qe7 23. Nc2 Ng4 24. Bc3+ Bg7 25. Bxg7+ Qxg7 26. Qf3
Ra2 27. Rfc1 Ne5 28. Qf1 f4 29. exf4 Bh3 30. Ne3 Bxg2 31. Nxg2 Rxf4 0-1

[Event "WYg16"]
[Site "Heraklio GRE"]
[Date "2002.11.21"]
[Round "8"]
[White "Papadopoulou,V"]
[Black "Szczepkowska,K"]
[Result "1-0"]
[WhiteElo "2165"]
[BlackElo "2051"]
[EventDate "2002.11.15"]

1. d4 Nf6 2. c4 g6 3. Nc3 Bg7 4. e4 d6 5. Be2 O-O 6. Bg5 c5 7. d5 b5 8.
cxb5 a6 9. a4 Qa5 10. Bd2 Qb4 11. f3 Nfd7 12. Qc1 Qa5 13. Ra3 Qc7 14. Nh3
c4 15. Nf2 Bb7 16. O-O f5 17. Bh6 Bxh6 18. Qxh6 Ne5 19. f4 Nf7 20. Qh3 fxe4
21. Nfxe4 axb5 22. axb5 Rxa3 23. bxa3 Nd7 24. Qe3 Nh6 25. h4 Nf6 26. Nxf6+
exf6 27. Re1 Nf7 28. b6 Qd7 29. Ne4 Nd8 30. Qd4 f5 31. Nf6+ Rxf6 32. Qxf6
Bxd5 33. Bxc4 1-0

[Event "WYg16"]
[Site "Heraklio GRE"]
[Date "2002.11.22"]
[Round "9"]
[White "Batsiashvili,N"]
[Black "Fominykh,M"]
[Result "0-1"]
[WhiteElo "2236"]
[BlackElo "2240"]
[EventDate "2002.11.15"]

1. d4 d5 2. c4 c6 3. Nf3 Nf6 4. Nc3 e6 5. Bg5 dxc4 6. e4 b5 7. e5 h6 8. Bh4
g5 9. Nxg5 hxg5 10. Bxg5 Nbd7 11. exf6 Bb7 12. Be2 Qb6 13. Qd2 O-O-O 14.
O-O-O Qa5 15. Kb1 c5 16. d5 Nb6 17. Qe3 exd5 18. Bf4 Bc6 19. Bf3 b4 20. Ne2
Kb7 21. Ng3 c3 22. b3 c2+ 23. Kxc2 Qxa2+ 24. Kc1 c4 25. Qe5 Bd6 26. Qd4
cxb3 27. Rd2 Bxf4 0-1

[Event "WYg16"]
[Site "Heraklio GRE"]
[Date "2002.11.22"]
[Round "9"]
[White "Gilbert,Je"]
[Black "Paridar,S"]
[Result "1/2-1/2"]
[WhiteElo "2113"]
[BlackElo "2132"]
[EventDate "2002.11.15"]

1. d4 Nf6 2. c4 e6 3. Nf3 b6 4. g3 Ba6 5. b3 Bb4+ 6. Bd2 Be7 7. Nc3 c6 8.
Bg2 O-O 9. O-O d5 10. Bf4 Nbd7 11. Ne5 Nxe5 12. Bxe5 Rc8 13. cxd5 cxd5 14.
Rc1 Bb4 15. Qd2 Bxc3 16. Rxc3 Rxc3 17. Qxc3 Bxe2 18. Rc1 Ng4 19. Bf4 Qa8
20. Qc7 Ba6 21. Qe7 Rc8 22. Rxc8+ Qxc8 23. Qxa7 Qb7 24. Qxb7 Bxb7 25. Bc7
b5 26. Bd6 Bc6 27. a4 Nf6 28. f3 Ne8 29. Bc5 f6 30. f4 Kf7 31. Bh3 f5 32.
Bg2 Nf6 33. Bf3 g6 34. Kf2 Nd7 35. Bd6 Nf6 36. Ke3 Ke8 37. Be5 Ne4 38. Bxe4
1/2-1/2

[Event "WYg16"]
[Site "Heraklio GRE"]
[Date "2002.11.22"]
[Round "9"]
[White "Huang Qian"]
[Black "Papadopoulou,V"]
[Result "1-0"]
[WhiteElo "2305"]
[BlackElo "2165"]
[EventDate "2002.11.15"]

1. d4 Nf6 2. c4 c5 3. d5 b5 4. cxb5 a6 5. f3 g6 6. e4 d6 7. Nc3 Bg7 8. a4
O-O 9. Be3 Nbd7 10. Nh3 Ne5 11. Nf2 e6 12. f4 Neg4 13. Nxg4 Nxg4 14. Qxg4
exd5 15. Qf3 d4 16. Bd2 dxc3 17. Bxc3 Bxc3+ 18. bxc3 Re8 19. Bd3 Qa5 20.
Kd2 Bb7 21. Rhe1 axb5 22. Bxb5 Red8 23. Bc4 Rab8 24. f5 Rd7 25. Bb5 Rc7 26.
f6 Rcc8 27. Qf4 Qd8 28. c4 Bc6 29. Re3 Bxb5 30. axb5 Ra8 31. Rea3 Rxa3 32.
Rxa3 h6 33. Ra6 Rc7 34. Qxh6 1-0

[Event "WYg16"]
[Site "Heraklio GRE"]
[Date "2002.11.22"]
[Round "9"]
[White "Zawadzka,J"]
[Black "Kovanova,B"]
[Result "1-0"]
[WhiteElo "2310"]
[BlackElo "2136"]
[EventDate "2002.11.15"]

1. e4 e5 2. Nf3 Nc6 3. Bb5 Nge7 4. Nc3 Ng6 5. h4 d6 6. d4 exd4 7. Nxd4 Bd7
8. h5 Nge5 9. f4 Nxd4 10. Bxd7+ Qxd7 11. Qxd4 Nc6 12. Qf2 f5 13. Be3 fxe4
14. O-O-O O-O-O 15. Rhe1 a6 16. Nxe4 Qf5 17. Bd4 d5 18. Ng5 Bb4 19. c3 Bd6
20. g3 Rd7 21. h6 Nxd4 22. Qxd4 c5 23. hxg7 Rg8 24. Qe3 Rgxg7 25. Qe8+ Rd8
26. Qe6+ Qxe6 27. Nxe6 Rxg3 28. Nxd8 Bxf4+ 29. Kb1 Kxd8 30. Rxd5+ Kc7 31.
Rxc5+ Kb6 32. Rf5 Bg5 33. Re6+ Ka7 34. Rf7 h6 35. Rg6 Bf4 36. Rxg3 Bxg3 37.
a4 h5 38. a5 h4 39. Rh7 Kb8 40. Kc2 Bf2 41. Kd3 Bg3 42. Kc4 Kc8 43. b4 Kb8
44. b5 axb5+ 45. Kxb5 Ka8 46. c4 Bf2 47. c5 Bg3 48. Rh8+ Bb8 49. Kb6 h3 50.
a6 1-0

[Event "WYg16"]
[Site "Heraklio GRE"]
[Date "2002.11.22"]
[Round "9"]
[White "Mijovic,A"]
[Black "Tania,S"]
[Result "0-1"]
[WhiteElo "2104"]
[BlackElo "2189"]
[EventDate "2002.11.15"]

1. e4 c5 2. Nf3 Nc6 3. d4 cxd4 4. Nxd4 Nf6 5. Nc3 e5 6. Ndb5 d6 7. Bg5 a6
8. Na3 b5 9. Nd5 Be7 10. Bxf6 Bxf6 11. c3 Bg5 12. Nc2 Ne7 13. a4 bxa4 14.
Ncb4 O-O 15. Rxa4 a5 16. Bb5 Be6 17. Nxe7+ Qxe7 18. Bc6 Ra7 19. Nd5 Bxd5
20. Qxd5 Qc7 21. O-O Rc8 22. Bb5 Qb6 23. c4 Bd8 24. Rd1 Bc7 25. g3 Qb8 26.
Ra3 Rd8 27. Rad3 g6 28. Qc6 Rb7 29. f4 Bb6+ 30. Kg2 Bd4 31. fxe5 dxe5 32.
Qf6 Rd6 33. Qf3 Kg7 34. Qe2 Rbb6 35. b3 Rf6 36. Rf1 Rxf1 37. Qxf1 Qb7 38.
Qf3 Rf6 39. Qg4 h5 40. Qh4 Rf2+ 41. Kh3 Qc8+ 42. g4 hxg4+ 43. Kg3 Re2 44.
Rxd4 exd4 45. Qe7 Qb8+ 46. Kxg4 Qxh2 0-1

[Event "WYg16"]
[Site "Heraklio GRE"]
[Date "2002.11.22"]
[Round "9"]
[White "Hoang Thi Bao Tram"]
[Black "Lelekova,O"]
[Result "0-1"]
[WhiteElo "2150"]
[BlackElo "2070"]
[EventDate "2002.11.15"]

1. e4 c5 2. Nc3 Nc6 3. g3 g6 4. Bg2 Bg7 5. d3 d6 6. Nge2 e6 7. Be3 Nd4 8.
Rb1 Ne7 9. a3 Bd7 10. b4 b6 11. O-O O-O 12. Qd2 Bc6 13. Nf4 Qd7 14. Nd1 Ba4
15. Rb2 Rac8 16. bxc5 dxc5 17. Ra2 c4 18. Bxd4 Bxd4 19. c3 Bg7 20. d4 Rfd8
21. Bh3 f5 22. Qe1 e5 23. Ne2 exd4 24. cxd4 Bxd4 25. Nxd4 Qxd4 26. exf5
Nxf5 27. Ne3 Rc5 28. Qc1 Nxe3 29. fxe3 Qe5 30. Raf2 c3 31. e4 c2 32. Qh6
Qd4 33. Be6+ Kh8 34. Bd5 Bc6 35. Bxc6 Rxc6 36. h3 Rf6 37. Kg2 Qxe4+ 38. Kh2
Rxf2+ 39. Rxf2 Kg8 40. Qg5 Rd1 0-1

[Event "WYg16"]
[Site "Heraklio GRE"]
[Date "2002.11.22"]
[Round "9"]
[White "Andriasian,S"]
[Black "Melia,S"]
[Result "0-1"]
[WhiteElo "2108"]
[BlackElo "2264"]
[EventDate "2002.11.15"]

1. e4 c6 2. d4 d5 3. Nc3 dxe4 4. Nxe4 Nf6 5. Nxf6+ gxf6 6. Bc4 Bf5 7. c3 e6
8. Ne2 h5 9. Ng3 Bg6 10. Qf3 Nd7 11. h4 Be7 12. O-O Nb6 13. Bb3 Qd7 14. a4
Nd5 15. Rd1 Rd8 16. Bd2 f5 17. c4 Nf6 18. Bc3 Ne4 19. d5 Nxc3 20. Qxc3 O-O
21. dxe6 Qxe6 22. Re1 Qf6 23. Qf3 Bd6 24. Rad1 Qxh4 25. c5 Bxc5 26. Re5
Rxd1+ 27. Bxd1 Bd4 28. Rxf5 Rd8 29. Bb3 Bxf5 30. Nxf5 Qxf2+ 31. Qxf2 Bxf2+
32. Kxf2 Rd2+ 33. Kf3 Rd3+ 0-1

[Event "WYg16"]
[Site "Heraklio GRE"]
[Date "2002.11.22"]
[Round "9"]
[White "Khaziyeva,D"]
[Black "Topel,Z"]
[Result "1-0"]
[WhiteElo "2102"]
[BlackElo "2139"]
[EventDate "2002.11.15"]

1. c4 Nf6 2. Nf3 g6 3. g3 Bg7 4. Bg2 d6 5. O-O O-O 6. Nc3 e5 7. d3 Nc6 8.
Bg5 h6 9. Bxf6 Bxf6 10. Rb1 a5 11. a3 Bg7 12. b4 axb4 13. axb4 f5 14. Qb3
Kh7 15. b5 Ne7 16. Nd2 Ng8 17. Ra1 Rxa1 18. Rxa1 Qg5 19. Qc2 Nf6 20. Ra7
Qh5 21. Bxb7 Ng4 22. Nf1 Bxb7 23. Rxb7 f4 24. f3 fxg3 25. hxg3 Qh3 26. Ne4
Qxf1+ 27. Kxf1 Ne3+ 28. Kf2 Nxc2 29. Rxc7 d5 30. cxd5 Nb4 31. d6 Ra8 32. b6
Nd5 33. b7 Nb6 34. Nc5 1-0

[Event "WYg16"]
[Site "Heraklio GRE"]
[Date "2002.11.23"]
[Round "10"]
[White "Chistiakova,T"]
[Black "Huang Qian"]
[Result "1-0"]
[WhiteElo "2223"]
[BlackElo "2305"]
[EventDate "2002.11.15"]

1. Nf3 Nf6 2. c4 g6 3. b4 Bg7 4. Bb2 O-O 5. g3 d6 6. Bg2 e5 7. d3 Nbd7 8.
O-O Re8 9. Nc3 c6 10. Rc1 Nf8 11. b5 Bd7 12. Nd2 Qc7 13. Ba3 Rad8 14. Nde4
Nxe4 15. Nxe4 Bf5 16. Qa4 Bxe4 17. Bxe4 Rc8 18. Qxa7 Ra8 19. Bxd6 Qxd6 20.
Qxb7 cxb5 21. cxb5 Rab8 22. Qa6 Qd8 23. a4 Ne6 24. Rc4 Nd4 25. Re1 f5 26.
Bg2 e4 27. dxe4 fxe4 28. Qa7 Re7 29. Qc5 Rbb7 30. Kf1 Nb3 31. Qc8 Qxc8 32.
Rxc8+ Kf7 33. Rd1 Na5 34. e3 Bf6 35. Rd6 Kg7 36. Ke2 Rbc7 37. Rxc7 Rxc7 38.
Bxe4 Rc4 39. Rd7+ Kh6 40. Bd5 Rxa4 41. Bg8 Rb4 42. Rxh7+ Kg5 43. f4+ Kf5
44. Kf3 Bc3 45. g4+ Kf6 46. g5+ Kf5 47. Bd5 1-0

[Event "WYg16"]
[Site "Heraklio GRE"]
[Date "2002.11.23"]
[Round "10"]
[White "Zdebskaja,N"]
[Black "Worek,J"]
[Result "1-0"]
[WhiteElo "2260"]
[BlackElo "2230"]
[EventDate "2002.11.15"]

1. e4 c5 2. Nf3 d6 3. d4 cxd4 4. Nxd4 Nf6 5. Nc3 a6 6. h3 e5 7. Nde2 Nbd7
8. g4 b6 9. Bg2 Bb7 10. O-O Nc5 11. Ng3 g6 12. f4 exf4 13. Bxf4 h5 14. Bg5
Be7 15. e5 Nh7 16. Bxe7 Qxe7 17. exd6 Qe3+ 18. Kh2 O-O-O 19. Rxf7 Ng5 20.
d7+ Rxd7 21. Rxd7 Bxg2 22. Kxg2 h4 23. Rd3 Nxd3 24. Qxd3 Qxd3 25. cxd3 hxg3
26. Nd5 Rxh3 27. Nxb6+ Kd8 28. Nc4 Rh2+ 29. Kxg3 Rh3+ 30. Kf4 Ne6+ 31. Ke5
Ke7 32. d4 Rg3 33. Rh1 Nf8 34. Kf4 Rg2 35. d5 Rc2 36. Re1+ Kf6 37. g5+ Kf7
38. Re4 a5 39. Ke5 Rg2 40. Kf4 Rc2 41. Ke3 Rg2 42. Ne5+ Kg7 43. d6 Rxb2 44.
d7 Nxd7 45. Nxd7 Rxa2 46. Re7+ Kg8 47. Re6 Kg7 48. Ne5 a4 49. Rxg6+ Kh7 50.
Ra6 a3 51. Ra7+ Kg8 52. Kf4 Rf2+ 53. Kg4 a2 54. Kh5 Re2 55. Kg6 Kf8 56. Ng4
Rb2 57. Nf6 1-0

[Event "WYg16"]
[Site "Heraklio GRE"]
[Date "2002.11.23"]
[Round "10"]
[White "Paridar,S"]
[Black "Khaziyeva,D"]
[Result "1-0"]
[WhiteElo "2132"]
[BlackElo "2102"]
[EventDate "2002.11.15"]

1. c4 b6 2. d4 Bb7 3. Nc3 Nf6 4. Qc2 e6 5. e4 Bb4 6. Bd3 Bxc3+ 7. bxc3 d6
8. f4 c5 9. Nf3 d5 10. cxd5 exd5 11. e5 Ne4 12. O-O cxd4 13. cxd4 O-O 14.
Ng5 h6 15. Nf3 f5 16. exf6 gxf6 17. f5 Kh7 18. Qe2 Rg8 19. Nh4 Nc6 20. Qh5
Qf8 21. Be3 Ne7 22. Rf3 Bc6 23. Rh3 Ng5 24. Bxg5 Rxg5 25. Ng6 Qg7 26. Qe2
Re8 27. Re3 Nxf5 28. Nh4 Re4 29. Bxe4 dxe4 30. Nxf5 Rxf5 31. Rg3 Qd7 32.
Qe3 Qd5 33. Re1 Qb5 34. Rh3 h5 35. g4 Rg5 36. Rxh5+ Rxh5 37. gxh5 Qd5 38.
Rf1 Qg8+ 39. Qg3 Qf7 40. Qd6 Qg7+ 41. Qg3 Qf7 42. Rc1 Qe8 43. Qg6+ 1-0

[Event "WYg16"]
[Site "Heraklio GRE"]
[Date "2002.11.23"]
[Round "10"]
[White "Vega Gutierrez,S"]
[Black "Zawadzka,J"]
[Result "0-1"]
[WhiteElo "2069"]
[BlackElo "2310"]
[EventDate "2002.11.15"]

1. e4 e5 2. Nf3 Nc6 3. Bb5 f5 4. Bxc6 dxc6 5. Nc3 Nf6 6. Qe2 Bd6 7. d4 Qe7
8. dxe5 Bxe5 9. Nxe5 Qxe5 10. exf5 Qxe2+ 11. Nxe2 Bxf5 12. Nd4 Bg6 13. Bg5
O-O 14. O-O Rae8 15. Rfe1 Ne4 16. Be3 Nd6 17. b3 c5 18. Nf3 b6 19. c4 a5
20. Nh4 Be4 21. Bd2 h6 22. f3 Bd3 23. f4 a4 24. Rac1 Rxe1+ 25. Rxe1 Ne4 26.
Ng6 Ra8 27. Ne5 Bc2 28. Bc1 axb3 29. axb3 Ra1 30. g3 Nd6 31. Bd2 Ra2 32.
Bc3 Bxb3 33. Ng6 Bxc4 34. Re7 Bf7 35. Rxc7 Ra8 36. Ne5 Nb5 37. Rxf7 Nxc3
38. Rc7 Rd8 39. Nd7 Na4 40. Rb7 b5 41. Nxc5 Nxc5 42. Rxb5 Ne4 43. Kg2 Kf7
44. g4 Rd3 45. Re5 Nf6 46. h3 Nd5 47. Re4 Kf6 48. h4 h5 49. gxh5 Ne3+ 50.
Kf2 Nf5 51. Re5 Rh3 52. Kg2 Rxh4 53. Kf3 Rh3+ 54. Kg2 Rxh5 55. Kf2 Rh2+ 56.
Kf3 Rh3+ 57. Kg2 Re3 58. Ra5 Nh4+ 59. Kh2 Ng6 0-1

[Event "WYg16"]
[Site "Heraklio GRE"]
[Date "2002.11.23"]
[Round "10"]
[White "Melia,S"]
[Black "Gilbert,Je"]
[Result "1-0"]
[WhiteElo "2264"]
[BlackElo "2113"]
[EventDate "2002.11.15"]

1. e4 c6 2. d4 d5 3. Nc3 dxe4 4. Nxe4 Nd7 5. Qe2 Ngf6 6. c3 Nxe4 7. Qxe4
Nf6 8. Qc2 e6 9. Nf3 Qc7 10. g3 b6 11. Bg2 Bb7 12. O-O Bd6 13. Re1 O-O 14.
Bg5 Nd7 15. Rad1 h6 16. Bc1 c5 17. dxc5 Nxc5 18. b4 Na6 19. a3 Rfd8 20. c4
Rac8 21. Rd4 Be7 22. Bf4 Bd6 23. Rxd6 Rxd6 24. Bxd6 Qxd6 25. Ng5 Qc7 26.
Qh7+ Kf8 27. Rxe6 fxe6 28. Nxe6+ Kf7 29. Nxc7 Rxc7 30. Bxb7 Rxb7 31. Qf5+
1-0

[Event "WYg16"]
[Site "Heraklio GRE"]
[Date "2002.11.23"]
[Round "10"]
[White "Karavade,E"]
[Black "Lelekova,O"]
[Result "1-0"]
[WhiteElo "2171"]
[BlackElo "2070"]
[EventDate "2002.11.15"]

1. Nf3 Nf6 2. c4 d6 3. Nc3 g6 4. g3 Bg7 5. Bg2 O-O 6. O-O e5 7. d3 h6 8.
Rb1 Be6 9. b4 Qd7 10. Qa4 Nc6 11. b5 Ne7 12. Nd2 c6 13. bxc6 bxc6 14. Ba3
Rfd8 15. Nce4 Ne8 16. Nb3 Rac8 17. Na5 Rc7 18. c5 d5 19. Nd6 Nf5 20. Nxf5
gxf5 21. Rb4 Bf8 22. Rb2 f4 23. Rfb1 fxg3 24. hxg3 Nf6 25. Rb7 Rdc8 26.
Rxc7 Rxc7 27. Rb8 Kg7 28. Bb2 Ng4 29. Bf3 f6 30. Ba3 Kf7 31. Qb4 h5 32. Nb7
Bg7 33. Nd6+ Kg6 34. Bc1 f5 35. Bxg4 hxg4 36. Qd2 Qe7 37. Rh8 f4 38. Re8
Qf6 39. gxf4 exf4 40. Qxf4 Bd7 41. Rg8 Kh7 42. Rb8 Qc3 43. Be3 Qa1+ 44. Kg2
Qf6 45. Qh2+ Bh6 46. Bxh6 Qxh6 47. Rh8+ 1-0

[Event "WYg16"]
[Site "Heraklio GRE"]
[Date "2002.11.23"]
[Round "10"]
[White "Papadopoulou,V"]
[Black "Machalova,V"]
[Result "1-0"]
[WhiteElo "2165"]
[BlackElo "2146"]
[EventDate "2002.11.15"]

1. Nf3 d5 2. d4 Nf6 3. c4 e6 4. Nc3 Be7 5. Bg5 O-O 6. e3 Nbd7 7. Qc2 dxc4
8. Bxc4 c5 9. Rd1 cxd4 10. exd4 Nb6 11. Bb3 Bd7 12. O-O Bc6 13. Ne5 Bd5 14.
Nxd5 Nfxd5 15. Bxe7 Qxe7 16. Qe4 Nf6 17. Qh4 Rac8 18. Rfe1 Nfd5 19. Qg3 Rc7
20. h4 Qf6 21. Re4 h5 22. Rde1 g6 23. Nd3 Qg7 24. Nc5 Re7 25. a4 a5 26. Qd6
Rfe8 27. Qg3 Qf6 28. Qd3 Nd7 29. Nxb7 Nf4 30. Qe3 e5 31. d5 Nb6 32. Qd2
Nh3+ 33. gxh3 Rxb7 34. Qg5 Qf3 35. R4e3 Qf5 36. f4 e4 37. Kh1 Kh7 38. Rg1
f6 39. Qxf5 gxf5 40. Reg3 Rd7 41. d6 Rxd6 42. Bf7 Re7 43. Bg8+ Kh8 44. Rg6
Rh7 45. Be6 1-0